<?xml version="1.0" encoding="UTF-8"?>
<record
    xmlns:xsi="http://www.w3.org/2001/XMLSchema-instance"
    xsi:schemaLocation="http://www.loc.gov/MARC21/slim http://www.loc.gov/standards/marcxml/schema/MARC21slim.xsd"
    xmlns="http://www.loc.gov/MARC21/slim">

  <leader>02108nam a2200373 u 4500</leader>
  <controlfield tag="001">1240346</controlfield>
  <controlfield tag="005">20260508071546.0</controlfield>
  <controlfield tag="007">co|||||||</controlfield>
  <controlfield tag="008">110504s2011                        spa  </controlfield>
  <datafield tag="035" ind1=" " ind2=" ">
    <subfield code="a">1240346</subfield>
  </datafield>
  <datafield tag="040" ind1=" " ind2=" ">
    <subfield code="c">comduadb</subfield>
  </datafield>
  <datafield tag="041" ind1=" " ind2=" ">
    <subfield code="a">spa</subfield>
  </datafield>
  <datafield tag="082" ind1=" " ind2="4">
    <subfield code="a">575</subfield>
  </datafield>
  <datafield tag="100" ind1="1" ind2="0">
    <subfield code="a">Rodr&#xED;guez Amaya, Andrea Carolina</subfield>
    <subfield code="4">aut</subfield>
    <subfield code="e">aut</subfield>
    <subfield code="9">618096</subfield>
  </datafield>
  <datafield tag="245" ind1="1" ind2="0">
    <subfield code="a">Evaluacion de tres protocolos de extraccion de DNA a partir de muestras de suelo y su posible aplicacion en analisis metagenomicos</subfield>
  </datafield>
  <datafield tag="260" ind1=" " ind2=" ">
    <subfield code="a">Medell&#xED;n :</subfield>
    <subfield code="b">[sin publicador],</subfield>
    <subfield code="c">2011.</subfield>
  </datafield>
  <datafield tag="300" ind1=" " ind2=" ">
    <subfield code="a">1 CD-ROM</subfield>
  </datafield>
  <datafield tag="520" ind1="3" ind2=" ">
    <subfield code="a">Introducci&#xF3;n: Sobre Lutzomyia spp., vector de la leishmaniasis, no se han logrado identificar exactamente los sitios de cr&#xED;a donde se desarrollan sus estadios inmaduros. Por medio de metagen&#xF3;mica, se pueden realizar estudios enfocados a establecer sus potenciales sitios de cr&#xED;a. La obtenci&#xF3;n de DNA a partir de suelo, a pesar de que parece un proceso f&#xE1;cil en t&#xE9;rminos metodol&#xF3;gicos no lo es en t&#xE9;rminos de la calidad del DNA recuperado, dado la potencial cantidad de inhibidores que se co-purifican con el DNA y que se sabe que inhibe m&#xE9;todos a seguir realizando como PCR o digesti&#xF3;n del DNA. Por tal motivo es necesario evaluar diferentes protocolos de extracci&#xF3;n de DNA a partir de suelo de zonas geogr&#xE1;ficas end&#xE9;micas de la enfermedad que permitan la obtenci&#xF3;n de DNA de buena calidad y cantidad que permitan la realizaci&#xF3;n de an&#xE1;lisis metagen&#xF3;micos posteriores como PCR y clonaci&#xF3;n.</subfield>
  </datafield>
  <datafield tag="650" ind1=" " ind2=" ">
    <subfield code="a">Extraccion ADN</subfield>
  </datafield>
  <datafield tag="650" ind1=" " ind2="7">
    <subfield code="a">Bioinform&#xE1;tica</subfield>
    <subfield code="2">lemb</subfield>
    <subfield code="9">68548</subfield>
  </datafield>
  <datafield tag="650" ind1=" " ind2=" ">
    <subfield code="a">Gen&#xF3;mica</subfield>
    <subfield code="9">153949</subfield>
  </datafield>
  <datafield tag="650" ind1=" " ind2=" ">
    <subfield code="a">Lutzomyia ssp</subfield>
    <subfield code="9">95445</subfield>
  </datafield>
  <datafield tag="650" ind1=" " ind2="7">
    <subfield code="a">Recombinaci&#xF3;n gen&#xE9;tica</subfield>
    <subfield code="2">dcs</subfield>
    <subfield code="9">47451</subfield>
  </datafield>
  <datafield tag="650" ind1=" " ind2=" ">
    <subfield code="a">Tecnicas de pruebas moleculares</subfield>
    <subfield code="9">76629</subfield>
  </datafield>
  <datafield tag="650" ind1=" " ind2=" ">
    <subfield code="a">ADN recombinante</subfield>
    <subfield code="9">13720</subfield>
  </datafield>
  <datafield tag="650" ind1=" " ind2="7">
    <subfield code="a">Suelos</subfield>
    <subfield code="2">lemb</subfield>
    <subfield code="9">2445</subfield>
  </datafield>
  <datafield tag="650" ind1=" " ind2="7">
    <subfield code="a">An&#xE1;lisis de suelos</subfield>
    <subfield code="2">lemb</subfield>
    <subfield code="9">10692</subfield>
  </datafield>
  <datafield tag="650" ind1=" " ind2=" ">
    <subfield code="a">An&#xE1;lisis biol&#xF3;gico</subfield>
    <subfield code="9">65018</subfield>
  </datafield>
  <datafield tag="700" ind1="1" ind2="0">
    <subfield code="a">Arevalo Arbelaez, Angela Janeth</subfield>
    <subfield code="4">aut</subfield>
    <subfield code="e">aut</subfield>
    <subfield code="9">618097</subfield>
  </datafield>
  <datafield tag="700" ind1="1" ind2="0">
    <subfield code="a">Muskus L&#xF3;pez, Carlos Enrique</subfield>
    <subfield code="4">ths</subfield>
    <subfield code="e">ths</subfield>
    <subfield code="9">448182</subfield>
  </datafield>
  <datafield tag="942" ind1=" " ind2=" ">
    <subfield code="c">TESIS</subfield>
  </datafield>
  <datafield tag="999" ind1=" " ind2=" ">
    <subfield code="c">590202</subfield>
    <subfield code="d">590202</subfield>
  </datafield>
  <datafield tag="502" ind1=" " ind2=" ">
    <subfield code="b">17</subfield>
    <subfield code="c">4</subfield>
  </datafield>
  <datafield tag="526" ind1=" " ind2=" ">
    <subfield code="a">17</subfield>
  </datafield>
  <datafield tag="952" ind1=" " ind2=" ">
    <subfield code="0">0</subfield>
    <subfield code="1">0</subfield>
    <subfield code="4">0</subfield>
    <subfield code="7">0</subfield>
    <subfield code="8">TESDIGBC</subfield>
    <subfield code="a">BC</subfield>
    <subfield code="b">BC</subfield>
    <subfield code="d">2011-05-04</subfield>
    <subfield code="e">Material adquirido por donaci&#xF3;n</subfield>
    <subfield code="i">C1116114</subfield>
    <subfield code="l">0</subfield>
    <subfield code="o">575.12 R696 CD-ROM</subfield>
    <subfield code="p">0761192</subfield>
    <subfield code="r">2023-05-01 00:00:00</subfield>
    <subfield code="t">1</subfield>
    <subfield code="w">2023-05-01</subfield>
    <subfield code="y">DIGITAL</subfield>
  </datafield>
</record>
